Pre-Cambrian geology of the Pajala district, northern Sweden. (Record no. 28918)
[ view plain ]
| 000 -LEADER | |
|---|---|
| fixed length control field | 01086cam a22002891 4500 |
| 001 - CONTROL NUMBER | |
| control field | gs 54000351 |
| 003 - CONTROL NUMBER IDENTIFIER | |
| control field | DLC |
| 005 - DATE AND TIME OF LATEST TRANSACTION | |
| control field | 20260227111402.0 |
| 008 - FIXED-LENGTH DATA ELEMENTS--GENERAL INFORMATION | |
| fixed length control field | 891016s1954 sw ab b 000 0 eng c |
| 010 ## - LIBRARY OF CONGRESS CONTROL NUMBER | |
| LC control number | gs 54000351 |
| 035 ## - SYSTEM CONTROL NUMBER | |
| System control number | (OCoLC)20497976 |
| 040 ## - CATALOGING SOURCE | |
| Original cataloging agency | U.S. Geol. Survey. Libr. |
| Transcribing agency | CU |
| Modifying agency | CU |
| -- | DLC |
| 042 ## - AUTHENTICATION CODE | |
| Authentication code | premarc |
| 050 00 - LIBRARY OF CONGRESS CALL NUMBER | |
| Classification number | QE282 |
| Item number | .A3 ser. C, no. 522 |
| 100 1# - MAIN ENTRY--PERSONAL NAME | |
| Personal name | Eriksson, Tryggve. |
| 245 10 - TITLE STATEMENT | |
| Title | Pre-Cambrian geology of the Pajala district, northern Sweden. |
| 260 ## - PUBLICATION, DISTRIBUTION, ETC. | |
| Place of publication, distribution, etc. | Stockholm, |
| Name of publisher, distributor, etc. | Norstedt, |
| Date of publication, distribution, etc. | 1954. |
| 300 ## - PHYSICAL DESCRIPTION | |
| Extent | 38 p. |
| Other physical details | illus., maps (3 fold. col. in pocket) |
| Dimensions | 24 cm. |
| 490 1# - SERIES STATEMENT | |
| Series statement | Sveriges geologiska undersökning. Ser. C. Avhandlingar och uppsatser, |
| Volume/sequential designation | n:o 522. Årsbok 45 (1951) n:o 3 |
| 504 ## - BIBLIOGRAPHY, ETC. NOTE | |
| Bibliography, etc. note | "List of references": p. 38. |
| 650 #0 - SUBJECT ADDED ENTRY--TOPICAL TERM | |
| Topical term or geographic name entry element | Geology |
| Geographic subdivision | Sweden |
| -- | Norrbotten. |
| 650 #0 - SUBJECT ADDED ENTRY--TOPICAL TERM | |
| Topical term or geographic name entry element | Petrology |
| Geographic subdivision | Sweden |
| -- | Norrbotten. |
| 650 #0 - SUBJECT ADDED ENTRY--TOPICAL TERM | |
| Topical term or geographic name entry element | Geology, Stratigraphic |
| Chronological subdivision | Precambrian. |
| 740 0# - ADDED ENTRY--UNCONTROLLED RELATED/ANALYTICAL TITLE | |
| Uncontrolled related/analytical title | Pajala district, northern Sweden. |
| 830 #0 - SERIES ADDED ENTRY--UNIFORM TITLE | |
| Uniform title | Ser. C--Avhandlingar och uppsatser ; |
| Volume/sequential designation | n:o 522. |
| 830 #0 - SERIES ADDED ENTRY--UNIFORM TITLE | |
| Uniform title | Årsbok (Sveriges geologiska undersökning) ; |
| Volume/sequential designation | 45 : n:o 3. |
No items available.